Pesadilla / (Record no. 196273)

MARC details
000 -LEADER
campo de control de longitud fija 02277nam a2200385 i 4500
001 - NÚMERO DE CONTROL
campo de control 196273
003 - IDENTIFICADOR DE NÚMERO DE CONTROL
campo de control ES-MaACL
005 - FECHA Y HORA DE LA ÚLTIMA TRANSACCIÓN
campo de control 20250711063133.0
008 - DATOS DE LONGITUD FIJA--INFORMACIÓN GENERAL
campo de control de longitud fija 240823s2017 sp 000 f spa
015 ## - NÚMERO DE BIBLIOGRAFÍA NACIONAL
Número de bibliografía nacional MON17
017 ## - NÚMERO DE COPYRIGHT O DE DEPÓSITO LEGAL
Número de copyright o de depósito legal M 113-2017
Agencia que asigna Oficina Depósito Legal Madrid
020 ## - NÚMERO INTERNACIONAL ESTÁNDAR DEL LIBRO
Número Internacional Estándar del Libro 9788416363773
035 ## - NÚMERO DE CONTROL DEL SISTEMA
Número de control de sistema (OCoLC)1030696325
035 ## - NÚMERO DE CONTROL DEL SISTEMA
Número de control de sistema (SpMaBN)a5936559
035 ## - NÚMERO DE CONTROL DEL SISTEMA
Número de control de sistema 991001919709708606
040 ## - FUENTE DE CATALOGACIÓN
Centro catalogador/agencia de origen SpMaBN
Lengua de catalogación spa
Centro/agencia transcriptor SpMaBN
Normas de descripción rdc
Centro/agencia modificador ES-MaACL
080 ## - NÚMERO DE LA CLASIFICACIÓN DECIMAL UNIVERSAL
Número de la Clasificación Decimal Universal 821.112.2-31"19"
100 1# - ENTRADA PRINCIPAL--NOMBRE DE PERSONA
Nombre de persona Fallada, Hans,
Fechas asociadas al nombre 1893-1947
9 (RLIN) 226299
Término indicativo de función/relación Autor
240 14 - TÍTULO UNIFORME
Título uniforme Der Alpdruck
Lenguaje de la obra Español
245 10 - MENCIÓN DEL TÍTULO
Título Pesadilla /
Mención de responsabilidad, etc. Hans Fallada ; traducción, Rosa Pilar Blanco.
260 ## - PUBLICACIÓN, DISTRIBUCIÓN, ETC.
Lugar de publicación, distribución, etc. Madrid :
Nombre del editor, distribuidor, etc. Maeva,
Fecha de publicación, distribución, etc. D.L. 2017.
300 ## - DESCRIPCIÓN FÍSICA
Extensión 268 p. :
Dimensiones 23 cm.
336 ## - TIPO DE CONTENIDO
Término de tipo de contenido Texto (visual)
Fuente isbdcontent
337 ## - TIPO DE MEDIO
Nombre/término del tipo de medio sin mediación
Fuente isbdmedia
338 ## - TIPO DE SOPORTE
Fuente rdacarrier
Nombre/término del tipo de soporte volumen
520 ## - RESUMEN, ETC.
Sumario, etc. Un valioso testimonio sobre los primeros meses de la posguerra en Alemania.<br/><br/>Tras el final de la Segunda Guerra Mundial y la caída de la dictadura nazi, los rusos ocupan la pequeña ciudad de Prenzlau, donde viven el doctor Doll y su familia. Al principio sienten una mezcla de alivio y esperanza, pero estos sentimientos pronto son desplazados por la incertidumbre, la culpa colectiva y la desilusión. Doll es nombrado alcalde y se propone «limpiar» la ciudad de cualquier resto del pasado nazi, pero no será una labor fácil y, decepcionado, se traslada con su familia a Berlín. Pero allí sus esperanzas de un futuro mejor chocarán también con la dura realidad.<br/><br/>Su esposa, Alma, que arrastra problemas de salud, usa morfina para calmar el dolor, y pronto ella y el mismo Doll recurren a los efectos de esta droga para huir de un mundo hostil y tratar de despertar de la pesadilla en la que se encuentra sumida la Europa de posguerra.
594 ## - NOTA AL TITULO Y MENCION DE RESPONSABILIDAD
Nota al título y mención de responsabilidad Título original: Der Alpdruck
700 1# - ENTRADA AGREGADA--NOMBRE PERSONAL
Nombre de persona Blanco, Rosa Pilar
9 (RLIN) 29205
Término indicativo de función/relación Traductor
852 ## - LOCALIZACIÓN
Ubicación ES-MaACL
Sublocalización o colección R.151877
Ubicación en estantería Depósito J
Número de control de estantería N-9327
Donativo/Legado Donación: Editorial
Encuadernación Encuadernación rústica con solapas
itemnumber 205398
942 ## - ELEMENTOS DE ENTRADA SECUNDARIOS (KOHA)
Tipo de ítem Koha Libro impreso
Suprimir en OPAC No
Holdings
Estatus retirado Estado de pérdida Fuente del sistema de clasificación o colocación Estado de daño No para préstamo Biblioteca de origen Biblioteca actual Ubicación en estantería Fecha de adquisición Fuente de adquisición Total de préstamos Signatura topográfica completa Código de barras Visto por última vez Precio de reemplazo Tipo de ítem Koha
    Clasificación decimal universal     Biblioteca del Ateneo de Madrid Biblioteca del Ateneo de Madrid Depósito J 11/05/2025 Donación   N-9327 101230050 11/05/2025 11/05/2025 Libro impreso